000 00317nam a2200109Ia 4500
005 20251222141757.0
008 251222s9999||||xx |||||||||||||| ||spa||
082 _a923.146/C24
100 _a"Cambronero, Carlos"
245 0 _a"Isabel II, íntima: Apuntes históricos anecdéticos de su vida y de su época"
942 _cLIB
999 _c6035
_d6035